000 004270000a22001690004500
003 MACL
005 20160110135327.0
008 160110b xxu||||| |||| 00| 0 eng d
040 _aMACL
_cMACL
041 _aEnglish
082 _a550.09/GAM
100 _aGamow, George
_930978
245 _aBiography of The Earth
260 _bMachmillan & co
_c1959
_aLondon
650 _aEarth Science
_95772
942 _cBK
_k550.092/Gam
_2ddc
999 _c35083
_d35083